Statystyki dla Stacje 1 Linii Warszawskiego Metra po podpowiedzi

Kliknij tutaj aby rozwiązać quiz!

Ogólne statystyki

  • Ten quiz został rozwiązany 58 razy
  • Średni wynik to 12 z 21

Statystyki odpowiedzi

HintOdpowiedź% Poprawnych
Centralna stacjaCentrum
83%
Stacja na której można się prawie bezpośrednio przesiąśc się
do pociągu
Dworzec Gdański
83%
Jedyna w Warszawie stacja z myślnikiem w nazwieRatusz - Arsenał
83%
Jedyna stacja, która nazwa się jak dzielnicaUrsynów
80%
Najbardziej południowa stacjaKabaty
77%
Jedyna stacja, która swoją nazwę bierze od parkuPole Mokotowskie
73%
Jedyna przesiadkowa stacja w WarszawieŚwiętokrzyska
73%
Najbardziej północna stacjaMłociny
67%
W warszawie są dwie na 1 linii metra stacje które swoją nazwę
biorą od ulic (nie od alej), a to bardziej południowa z nich
Racławicka
63%
Trzecia najbardziej północna stacja w WarszawieStare Bielany
63%
Nazywa się prawie jak pewne drzewoWierzbno
63%
Ta stacja wygrała konkurs na najpiękniejszą stacje metra na świeciePlac Wilsona
60%
Od tej stacji pochodzi największy węzeł
przesiadkowy na Mokotowie
Wilanowska
57%
Druga najbardziej południowa stacjaNatolin
50%
Od tej stacji pochodzi największy węzeł komunikacyjny na ŻoliborzuMarymont
43%
Środkowa stacja na UrsynowieImielin
40%
Ta stacja nazywa się jak jeden plac niedalekoPolitechnika
37%
Jest tuż przy granicy Bielan z ŻoliborzemSłodowiec
37%
Najbardziej południowa stacja na MokotowieSłużew
33%
Znajduje się na skrzyżowaniu ulic
Herbsta i Aleii KEN
Stokłosy
30%
Ta stacja nazywa się jak dosyć znany cmentarzWawrzyszew
30%

Rozkład punktacji

Percentyl według liczby udzielonych odpowiedzi

Procent ludzi z każdym wynikiem

Twoja historia wyników

Nie rozwiązałeś tego quizu